01818cam a22003854a 450000100090000000300040000900500170001300800410003001000170007102000150008802000150010303500130011804000180013104200080014905000220015708200180017910000230019724500680022025000120028826000370030030000360033733600260037333700280039933800270042750000200045450505200047465000160099470000250101085600950103585600870113090600450121794200120126299900170127495201410129112762217OSt20260313144741.0020502s2002 nyua 001 0 eng  a 2002006988 a0070132674 a0070133123 a12762217 aDLCcDLCdDLC apcc00aHD57.7b.C69 199200a658.4/0922211 aCox, Danny,d1934-10aLeadership when the heat's on /cby Danny Cox with John Hoover. a2nd ed. aNew York :bMcGraw-Hill,cc1992. axviii, 237 p. :bill. ;c23 cm. atextbtxt2rdacontent aunmediatedbn2rdamedia avolumebnc2rdacarrier aIncludes index.0 aThe leader feels the heat -- The emerging leader process -- The first step : team building when the heat's on -- The second step : goal setting when the heat's on -- The third step : time planning for higher productivity -- The fourth step : keeping morale high when the heat's on -- The fifth step : creativity when the heat's on -- The sixth step : problem solving when the heat's on -- The seventh step : leading change when the heat's on (not just managing it) -- Meeting tomorrow's leadership challenges today. 0aLeadership.1 aHoover, John,d1952-423Contributor biographical informationuhttp://www.loc.gov/catdir/bios/mh041/2002006988.html423Publisher descriptionuhttp://www.loc.gov/catdir/description/mh024/2002006988.html a7bcbccorignewd1eecipf20gy-gencatlg 2lcccBK c21403d21402 00102lcc70aKABUbKABUcGENd2026-03-13eDonationi2025/3166l0oHD57.7 .C69 1992 C.1p39783r2026-03-13 14:48:50tC.1w2026-03-13yBK